000 00972nam a22003490a 4500
001 PT26872
003 AR-LpoUNG
005 20210131233322.0
008 191001s2006||||ag |||||||||||||||||spa d
020 _a9500727374
_c$45
040 _aAR-LpoUNG
_bspa
_cAR-LpoUNG
_eaacr
041 _aspa
044 _aag
082 0 _a982.065 478arg
100 1 _aVerbitsky, Horacio
245 1 0 _aDoble juego :
_bla Argentina católica y militar
250 _a1ra. ed.
260 _aBuenos Aires :
_bSudamericana,
_c2006.
300 _a444 p. :
_btbls.
520 _a<p>Analiza las relaciones en sectores eclesiásticos con los militares en la última dictadura.</p>
650 4 _aANALISIS HISTORICO
650 4 _aARGENTINA
650 4 _aASPECTOS POLITICOS
650 4 _aDICTADURA
650 4 _aGOBIERNO MILITAR
650 4 _aHISTORIA
650 4 _aHISTORIA POLITICA
650 4 _aIGLESIA CATOLICA
651 4 _aArgentina
905 _a26872
942 _cLIB
999 _c20042
_d20042